00506 a2200133 4500082002200000100002300022245002600045250001400071260004500085300003400130505013800164650004800302700002200350 a861.728.1bAZ997l aAzurdia. Margarita aEl libro de Margarita a2 edicion aGuatemalabEspacio Ediciones S. A.c1992 a94 p.bill (a color)c17.5 cm tPrologotEl Cuento de Una Soledadt27 Apuntes de Margarita Rita Rica Dinamitat24 AnotacionestEl Cuento de Clara LuztY otros poemas aPoesiaxPoesia-GuatemalaxMargarita Azurdia aMargarita Azurdia